Ulice Strakonic - Statistics

General Stats
  • This quiz has been taken 7 times
    5 since last reset
  • The average score is 49 of 169
Answer Stats
První písmeno (číslo) Odpověď % Correct
H Husova
100%
P Písecká
100%
V Volyňská
100%
5 5. května
75%
E Ellerova
75%
M Mírová
75%
N Nerudova
75%
B Blatenská
50%
B Boženy Němcové
50%
Č Čelakovského
50%
D Dukelská
50%
K Katovická
50%
K Komenského
50%
L Lidická
50%
N Nádražní
50%
N Na Ohradě
50%
N Nová
50%
O Otavská
50%
R Radomyšlská
50%
Š Školní
50%
S Smetanova
50%
Š Šumavská
50%
T Tylova
50%
U U Nádraží
50%
Ž Želivského
50%
A Alfonse Šťastného
25%
A Archeologa Dubského
25%
B Baarova
25%
B Bahenní
25%
B Bavorova
25%
B Bezděkovská
25%
B Bohumila Havlasy
25%
B Borová
25%
B Boubínská
25%
B Březová
25%
B Bučkova
25%
B Budovatelská
25%
B Bukova
25%
Č Českých lesů
25%
Ch Chmelenského
25%
C Cihelna u Řepické zastávky
25%
D Dopravní
25%
D Dr. Jiřího Fifky
25%
D Družstevní
25%
H Hallova
25%
H Havlíčkova
25%
H Heydukova
25%
H Holečkova
25%
H Hradební
25%
H Hraniční
25%
H Hrnčířská
25%
J Jedlová
25%
J Jeronýmova
25%
J Jezerní
25%
J Jiráskova
25%
K Kalvárie
25%
K Karla Dvořáka
25%
K K Dražejovu
25%
K Klostermannova
25%
K Kochana z Prachové
25%
K Kopretinová
25%
K Kosatcová
25%
K Kosmonautů
25%
K Krále Jiřího z Poděbrad
25%
K Krátká
25%
L Labutí
25%
L Lázeňská
25%
L Leknínová
25%
L Lesní
25%
L Liliová
25%
L Lipová
25%
L Luční
25%
M Máchova
25%
M Mánesova
25%
M Mezi Lesy
25%
M Mikoláše Alše
25%
M Mládežnická
25%
M Mlýnská
25%
M MUDr. Karla Hradeckého
25%
N Nábřeží Otavy
25%
N Nábřežní
25%
N Nad Radomyšelskou
25%
N Nad Školou
25%
N Na Dubovci
25%
N Na Hrázi
25%
N Na Jelence
25%
N Na Jezárkách
25%
N Na Křemelce
25%
N Na Ostrově
25%
N Na Rozhledech
25%
N Na Stráni
25%
N Na Stráži
25%
N Na Střelnici
25%
N Na Výsluní
25%
N Nebřehovická
25%
O Obchodní
25%
O Obránců míru
25%
P Palackého náměstí
25%
P Petra Bezruče
25%
P Pionýrská
25%
P Plánkova
25%
P Pod Hájovnou
25%
P Pod Hliničnou
25%
P Pod Hradem
25%
P Pod Kuřidlem
25%
P Pod Lesem
25%
P Podskalí
25%
P Podskalská
25%
P Podsrp
25%
P Podsrpenská
25%
P Pohraniční stráže
25%
P Pomněnková
25%
P Povážská
25%
P Prácheňská
25%
P Profesora Antonína Benjamina Svojsíka
25%
P Profesora Skupy
25%
P Ptákovická
25%
R Raisova
25%
R Rybniční
25%
S Sadová
25%
S Sasanková
25%
S Sídliště 1. máje
25%
S Skalní
25%
S Slunečná
25%
S Sokolovská
25%
S Spojařů
25%
S Stavbařů
25%
S Strojařů
25%
Š Švandy dudáka
25%
S Svatopluka Čecha
25%
T Textiláků
25%
T Tisová
25%
T Tovární
25%
T Trachtova
25%
T Tržní
25%
U U Blatenského mostu
25%
U U Blatského rybníka
25%
U U Cihelny
25%
U U Hajské
25%
U U Řepické zastávky
25%
U U Sv. Markéty
25%
U U Větrolamu
25%
U U Vodojemu
25%
U U Vrbiček
25%
U U Zahrádek
25%
U U Židovského hřbitova
25%
V Václavská
25%
V Velké náměstí
25%
V Virtova
25%
V V Lipkách
25%
V Vodárenská
25%
V Vodní
25%
V V Ráji
25%
V Vrchlického
25%
Z Zahradní
25%
Z Zámek
25%
Z Za Pilou
25%
Z Za Rájem
25%
Z Zeyerovo nábřeží
25%
Ž Žižkovo
25%
Z Zvolenská
25%
B Bažantnice
0%
Ch Chelčického
0%
E Erbenova
0%
M Myslivecká
0%
N Na Muškách
0%
Š Šmigingerova
0%
U U Studánky
0%
V V Holi
0%
No matching quizzes found
Score Distribution
Percent of People with Each Score
Percentile by Number Answered
Your Score History
You have not taken this quiz since the last reset